000 00205 a2200097 4500
001 32575
100 _aMosley, L
245 _aLindbergh
260 _aLondon
_bHodder & Stoughton
_c
090 _c21791
_d21791
942 _aNUST-CAE
_cM
_c13104
999 _c267648
_d267648